00613nam a22001697a 450000500170000000800410001702000180005804100080007608200200008410000100010411000130011424500500012726000460017730000250022336500250024850001700027320230810144819.0230810b |||||||| |||| 00| 0 eng d a9783034607254 aEng a720.28bHAU/KAR aHAU A aKARZEL R aDigital Processes: Planning Design Production aBaselbInstitute for international c2011 a112 PbPBc30 x21 cm aINRb2567.85cRupaye aIntroduction the evolution of digital Process. Digital Planning Technology Geographic Information systems Analysis Techniques - Mapping Simulation and Optimization